[Event "Berlin Radtke Memorial op"]
[Site "Berlin"]
[Date "2023.10.24"]
[Round "3"]
[White "Schmidek, Emil"]
[Black "Weihrauch, Jakob"]
[Result "1/2-1/2"]
[WhiteElo "2433"]
[BlackElo "2308"]
[PlyCount "237"]
[EventDate "2023.10.23"]
[EventType "swiss"]
[EventRounds "9"]
[EventCountry "GER"]
[SourceTitle "Mega2024 Update 01"]
[Source "Chessbase"]
[SourceDate "2023.11.12"]
[SourceVersion "1"]
[SourceVersionDate "2023.11.12"]
[SourceQuality "1"]

1. d4 Nf6 2. c4 e6 3. Nc3 Bb4 4. Bd2 c5 5. dxc5 Bxc5 6. Nf3 0-0 7. g3 h6 8. Bg2 d5 9. 0-0 Nc6 10. Rc1 d4 11. Na4 Be7 12. e3 e5 13. exd4 exd4 14. Re1 Bg4 15. h3 Bh5 16. Qb3 Qd7 17. c5 Bxf3 18. Qxf3 Rfe8 19. b4 Nd8 20. Nb2 Nh7 21. Qd5 Qxd5 22. Bxd5 Nf6 23. Bg2 Rb8 24. Bf4 Rc8 25. Nd3 a6 26. a4 g5 27. Be5 Nc6 28. b5 Nxe5 29. Rxe5 axb5 30. axb5 Rb8 31. Bxb7 Rxb7 32. c6 Rb6 33. c7 Rc8 34. Rxe7 Rxb5 35. Ne5 Nd5 36. Rd7 Rxc7 37. Rcxc7 Nxc7 38. Nxf7 Nd5 39. Nxh6+ Kf8 40. Kf1 d3 41. Ke1 Ke8 42. Rd6 Nb4 43. Kd1 Ke7 44. Rd4 Ke6 45. Ng4 Rb8 46. Kd2 Nc6 47. Re4+ Kd6 48. f4 gxf4 49. Rxf4 Rb2+ 50. Kxd3 Rb3+ 51. Ke4 Rxg3 52. h4 Rh3 53. Nf2 Rg3 54. Rf6+ Kd7 55. Kf4 Rg7 56. Ne4 Ne7 57. Rd6+ Ke8 58. h5 Rg1 59. Ra6 Kf8 60. Ke5 Rh1 61. Kf6 Rf1+ 62. Ke6 Re1 63. Ke5 Kg7 64. h6+ Kg8 65. h7+ Kxh7 66. Ra7 Kg6 67. Rxe7 Re2 68. Re6+ Kg7 69. Kf5 Re1 70. Re7+ Kf8 71. Ra7 Rf1+ 72. Ke6 Re1 73. Ke5 Ke8 74. Kd5 Rd1+ 75. Ke6 Kd8 76. Nc3 Re1+ 77. Kd6 Ke8 78. Nd5 Rd1 79. Rh7 Rd2 80. Rh3 Kf7 81. Rf3+ Kg6 82. Ke5 Re2+ 83. Ne3 Ra2 84. Rg3+ Kf7 85. Nc4 Re2+ 86. Kd6 Re6+ 87. Kd5 Re1 88. Ne5+ Kf6 89. Rf3+ Kg5 90. Ke6 Re2 91. Rf5+ Kh4 92. Rf4+ Kg3 93. Rf3+ Kg2 94. Ra3 Rb2 95. Kf5 Rb8 96. Ra2+ Kg3 97. Rc2 Rf8+ 98. Ke4 Re8 99. Rc3+ Kf2 100. Ra3 Kg2 101. Ra2+ Kg3 102. Re2 Re7 103. Re3+ Kg2 104. Kf4 Re8 105. Re4 Rf8+ 106. Ke3 Re8 107. Ke2 Rg8 108. Nd3 Kg3 109. Nf2 Rg7 110. Ke3 Rg8 111. Re5 Kg2 112. Ne4 Rg7 113. Re8 Ra7 114. Rg8+ Kh3 115. Rg6 Kh2 116. Nd2 Kh3 117. Nf3 Re7+ 118. Kf2 Re2+ 119. Kxe2 1/2-1/2

[Event "Bundesliga 2324"]
[Site "Germany"]
[Date "2023.10.21"]
[Round "1.6"]
[White "Weihrauch, Jakob"]
[Black "Heinz, Timothee"]
[Result "1/2-1/2"]
[WhiteElo "2308"]
[BlackElo "2373"]
[PlyCount "54"]
[EventDate "2023.10.21"]
[EventType "team-tourn"]
[EventRounds "15"]
[EventCountry "GER"]
[SourceTitle "Mega2024 Update 01"]
[Source "Chessbase"]
[SourceDate "2023.11.12"]
[SourceVersion "1"]
[SourceVersionDate "2023.11.12"]
[SourceQuality "1"]
[WhiteTeam "Hamburger SK"]
[BlackTeam "Oetigheim"]
[WhiteTeamCountry "GER"]
[BlackTeamCountry "GER"]

1. e4 e6 2. d4 d5 3. Nc3 Nf6 4. e5 Nfd7 5. f4 c5 6. Nf3 Nc6 7. Be3 cxd4 8. Nxd4 Qb6 9. Qd2 Qxb2 10. Rb1 Qa3 11. Bb5 Nxd4 12. Bxd4 a6 13. Bxd7+ Bxd7 14. Rxb7 Bb4 15. 0-0 Rc8 16. Nb1 Bxd2 17. Nxa3 Bc3 18. Bxc3 Rxc3 19. Rb8+ Bc8 20. Rfb1 Kd7 21. R8b3 Rc7 22. c4 Ke7 23. cxd5 exd5 24. Rd1 Rd8 25. Rd2 Bd7 26. Nc2 Ba4 27. Rb2 Bxc2 1/2-1/2

[Event "GER-chT Lands U20"]
[Site "Hannover"]
[Date "2023.10.05"]
[Round "7"]
[White "Weihrauch, Jakob"]
[Black "Kallweit, Paul"]
[Result "1-0"]
[WhiteElo "2308"]
[BlackElo "1891"]
[PlyCount "61"]
[EventDate "2023.10.01"]
[EventType "team-swiss"]
[EventRounds "7"]
[EventCountry "GER"]
[SourceTitle "EXT 2024"]
[Source "ChessBase"]
[SourceDate "2023.10.10"]
[SourceVersion "1"]
[SourceVersionDate "2023.10.10"]
[SourceQuality "1"]

1. e4 c6 2. d4 d5 3. e5 Bf5 4. Nd2 e6 5. Nb3 Nd7 6. Nf3 Ne7 7. Be2 h6 8. 0-0 Bh7 9. a4 Nf5 10. a5 Be7 11. c4 dxc4 12. Bxc4 0-0 13. Qe2 b5 14. Bd3 Rc8 15. Rd1 a6 16. Bd2 c5 17. dxc5 Nxc5 18. Nxc5 Rxc5 19. Be4 Qb8 20. g4 Nh4 21. Bxh7+ Kxh7 22. Nxh4 Bxh4 23. Bb4 Rxe5 24. Qc2+ f5 25. Bd6 Qb7 26. Bxe5 Rc8 27. Qe2 Rc4 28. Rd4 Rc5 29. Rad1 Rxe5 30. Qxe5 Qf3 31. Qe3 1-0

[Event "GER-chT Lands U20"]
[Site "Hannover"]
[Date "2023.10.03"]
[Round "5"]
[White "Weihrauch, Jakob"]
[Black "Albert, Markus1111"]
[Result "1/2-1/2"]
[WhiteElo "2308"]
[BlackElo "2256"]
[PlyCount "71"]
[EventDate "2023.10.01"]
[EventType "team-swiss"]
[EventRounds "7"]
[EventCountry "GER"]
[SourceTitle "EXT 2024"]
[Source "ChessBase"]
[SourceDate "2023.10.10"]
[SourceVersion "1"]
[SourceVersionDate "2023.10.10"]
[SourceQuality "1"]

1. e4 e5 2. Nf3 Nc6 3. Bb5 Nf6 4. d3 Bc5 5. Bxc6 dxc6 6. 0-0 Qe7 7. Nbd2 0-0 8. a3 Re8 9. b4 Bd6 10. Nc4 Nd7 11. Bb2 f6 12. Nh4 Nb6 13. Nf5 Bxf5 14. Nxb6 axb6 15. exf5 Qf7 16. Qg4 c5 17. bxc5 Bxc5 18. a4 Ra6 19. h4 h5 20. Qe4 c6 21. Rfe1 Rea8 22. d4 exd4 23. Bxd4 Rxa4 24. Rxa4 Rxa4 25. c3 Bxd4 26. cxd4 Ra8 27. Qb1 b5 28. Re6 Rd8 29. Qe4 Qd7 30. Qe2 b4 31. Qxh5 b3 32. Qe2 b5 33. Qd1 Qd5 34. Qh5 Rf8 35. Re7 b2 36. Rxg7+ 1/2-1/2

[Event "GER-chT Lands U20"]
[Site "Hannover"]
[Date "2023.10.02"]
[Round "3"]
[White "Weihrauch, Jakob"]
[Black "Dauner, Benedikt"]
[Result "0-1"]
[WhiteElo "2308"]
[BlackElo "2377"]
[PlyCount "82"]
[EventDate "2023.10.01"]
[EventType "team-swiss"]
[EventRounds "7"]
[EventCountry "GER"]
[SourceTitle "EXT 2024"]
[Source "ChessBase"]
[SourceDate "2023.10.10"]
[SourceVersion "1"]
[SourceVersionDate "2023.10.10"]
[SourceQuality "1"]

1. e4 c5 2. Nf3 Nc6 3. d4 cxd4 4. Nxd4 Nf6 5. Nc3 e5 6. Ndb5 d6 7. Bg5 a6 8. Na3 b5 9. Nab1 Be7 10. Bxf6 Bxf6 11. a4 Nd4 12. Bd3 Rb8 13. axb5 axb5 14. Nd5 0-0 15. 0-0 Be6 16. c3 Nc6 17. Qe2 Bxd5 18. exd5 Ne7 19. f4 b4 20. Qe4 Ng6 21. f5 Nf4 22. Bc2 bxc3 23. bxc3 Rb2 24. Ra6 Qb8 25. Na3 Qb7 26. Ra4 Nxd5 27. Nc4 Nxc3 28. Qxb7 Rxb7 29. Ra3 Rc7 30. Rxc3 e4 31. Re3 Rxc4 32. Bb3 Rd4 33. Rc3 d5 34. Rc7 Rd8 35. Rfc1 h5 36. Rc8 Kh7 37. R8c7 Rb8 38. Bd1 Rd2 39. R7c2 Rxc2 40. Rxc2 Rb1 41. Rd2 e3 0-1

[Event "GER-ch U18"]
[Site "Willingen"]
[Date "2023.05.30"]
[Round "4"]
[White "Grossmann, Piet"]
[Black "Weihrauch, Jakob"]
[Result "0-1"]
[WhiteElo "1936"]
[BlackElo "2291"]
[PlyCount "70"]
[EventDate "2023.05.28"]
[EventType "swiss"]
[EventRounds "9"]
[EventCountry "GER"]
[SourceTitle "CBM 214 Extra"]
[Source "ChessBase"]
[SourceDate "2023.07.31"]
[SourceVersion "1"]
[SourceVersionDate "2023.07.31"]
[SourceQuality "1"]

1. e4 c5 2. Nf3 d6 3. d4 cxd4 4. Nxd4 Nf6 5. Nc3 a6 6. Be3 e5 7. Nb3 Be6 8. f3 Be7 9. Qd2 h5 10. Nd5 Nxd5 11. exd5 Bf5 12. Be2 Bh4+ 13. g3 Bf6 14. c4 a5 15. Rc1 Nd7 16. 0-0 b6 17. Bd3 Bh3 18. Rfe1 a4 19. Na1 Nc5 20. Nc2 Kf8 21. Nb4 Qd7 22. Bf1 e4 23. Bd4 Bxd4+ 24. Qxd4 exf3 25. Qf4 Bg4 26. Nc6 Rh6 27. Re7 Qf5 28. Qe3 Rf6 29. Kf2 h4 30. Nd4 hxg3+ 31. Kxg3 Qg6 32. Kf2 Qh5 33. Kg3 Rg6 34. Nc6 Bh3+ 35. Kf2 Qh4+ 0-1

[Event "GER-chT U20"]
[Site "Muenster"]
[Date "2022.12.29"]
[Round "5"]
[White "Weihrauch, Jakob"]
[Black "Hoffmann, Kay"]
[Result "1/2-1/2"]
[WhiteElo "2214"]
[BlackElo "1708"]
[PlyCount "119"]
[EventDate "2022.12.26"]
[EventType "team-swiss"]
[EventRounds "7"]
[EventCountry "GER"]
[SourceTitle "CBM 212 Extra"]
[Source "ChessBase"]
[SourceDate "2023.03.31"]
[SourceVersion "1"]
[SourceVersionDate "2023.03.31"]
[SourceQuality "1"]
[WhiteTeam "Hamburger SK"]
[BlackTeam "Barnim Schachfreunde"]
[WhiteTeamCountry "GER"]
[BlackTeamCountry "GER"]

1. e4 d5 2. exd5 Qxd5 3. Nc3 Qa5 4. d4 Nf6 5. Bc4 c6 6. Bd2 Qc7 7. Nf3 Bg4 8. h3 Bxf3 9. Qxf3 e6 10. 0-0-0 Nbd7 11. d5 cxd5 12. Bxd5 Nxd5 13. Nxd5 exd5 14. Rhe1+ Be7 15. Bb4 Nc5 16. Bxc5 Qxc5 17. Rxd5 Qc4 18. Rde5 0-0 19. Rxe7 Qxa2 20. Qxb7 g6 21. Qb3 Qxb3 22. cxb3 Rfd8 23. R1e4 Kf8 24. Rb7 Re8 25. Rxe8+ Kxe8 26. Kd2 a5 27. Ke3 Rc8 28. Rb5 Rc2 29. Rxa5 Rxb2 30. Rb5 Kd7 31. Rb7+ Ke6 32. b4 h6 33. b5 Ke5 34. Kf3 Rb3+ 35. Kg4 f5+ 36. Kh4 Rb2 37. Kg3 f4+ 38. Kf3 Rb3+ 39. Kg4 Rb2 40. Kf3 Rb3+ 41. Kg4 Rb2 42. Re7+ Kf6 43. Re4 g5 44. Kh5 Rxb5 45. Re2 Rb8 46. Ra2 Rb1 47. Kxh6 Rb8 48. Ra6+ Kf5 49. f3 Rc8 50. Rb6 Ra8 51. Kh5 Rh8+ 52. Rh6 Rg8 53. Rh7 Rf8 54. Kh6 Rf6+ 55. Kg7 Ra6 56. h4 Ra2 57. h5 Rxg2 58. Rh8 g4 59. Rf8+ Kg5 60. fxg4 1/2-1/2

[Event "Hoogeveen op 25th"]
[Site "Hoogeveen"]
[Date "2022.10.20"]
[Round "7"]
[White "Weihrauch, Jakob"]
[Black "Fernandez, Daniel Howard"]
[Result "0-1"]
[WhiteElo "2075"]
[BlackElo "2476"]
[PlyCount "48"]
[EventDate "2022.10.15"]
[EventType "swiss"]
[EventRounds "9"]
[EventCountry "NED"]
[SourceTitle "CBM 210 Extra"]
[Source "ChessBase"]
[SourceDate "2022.11.30"]
[SourceVersion "1"]
[SourceVersionDate "2022.11.30"]
[SourceQuality "1"]

1. e4 e6 2. d4 d5 3. exd5 exd5 4. Nf3 Bd6 5. c4 Nf6 6. Nc3 0-0 7. cxd5 Nbd7 8. Bg5 Nb6 9. Ne5 Be7 10. Bxf6 Bxf6 11. Qb3 a5 12. f4 a4 13. Qc2 a3 14. b3 c6 15. Bd3 g6 16. 0-0 Nxd5 17. Nxd5 Qxd5 18. Qf2 Rd8 19. Bc4 Qxd4 20. Bxf7+ Kg7 21. b4 Ra4 22. Rab1 Bf5 23. Bb3 Bxb1 24. Bxa4 Bxa2 0-1

[Event "Hoogeveen op 25th"]
[Site "Hoogeveen"]
[Date "2022.10.18"]
[Round "4"]
[White "Ernst, Sipke"]
[Black "Weihrauch, Jakob"]
[Result "0-1"]
[WhiteElo "2538"]
[BlackElo "2075"]
[PlyCount "86"]
[EventDate "2022.10.15"]
[EventType "swiss"]
[EventRounds "9"]
[EventCountry "NED"]
[SourceTitle "CBM 210 Extra"]
[Source "ChessBase"]
[SourceDate "2022.11.30"]
[SourceVersion "1"]
[SourceVersionDate "2022.11.30"]
[SourceQuality "1"]

1. e4 c5 2. Nf3 d6 3. Bb5+ Nd7 4. c4 e6 5. Nc3 a6 6. Ba4 Ngf6 7. 0-0 Be7 8. d4 cxd4 9. Nxd4 0-0 10. Kh1 Qc7 11. Qe2 Ne5 12. Bb3 Nc6 13. Nxc6 bxc6 14. f4 Nd7 15. Bc2 Bb7 16. Be3 f5 17. exf5 exf5 18. Bg1 Rae8 19. Rfe1 g6 20. Rad1 Nf6 21. Qd2 Rf7 22. Bd4 Bf8 23. Rxe8 Nxe8 24. b4 Bg7 25. Bxg7 Rxg7 26. b5 Re7 27. Bb3 Kg7 28. h3 axb5 29. cxb5 Nf6 30. Kh2 cxb5 31. Nxb5 Qc6 32. a4 Re3 33. Nd4 Qe4 34. Qf2 Nh5 35. Ne6+ Kh6 36. Ng5 Qxf4+ 37. Qxf4 Nxf4 38. Nf7+ Kg7 39. Bc4 Bxg2 40. Rxd6 Rxh3+ 41. Kg1 Ra3 42. Ra6 h5 43. Ne5 Be4 0-1

[Event "GER-chT U16"]
[Site "Kiel"]
[Date "2022.07.25"]
[Round "6.2"]
[White "Mueller, Magnus"]
[Black "Weihrauch, Jakob"]
[Result "0-1"]
[WhiteElo "2021"]
[BlackElo "2183"]
[PlyCount "58"]
[EventDate "2022.07.22"]
[EventType "team-swiss"]
[EventRounds "7"]
[EventCountry "GER"]
[SourceTitle "CBM 209 Extra"]
[Source "ChessBase"]
[SourceDate "2022.09.30"]
[SourceVersion "1"]
[SourceVersionDate "2022.09.30"]
[SourceQuality "1"]
[WhiteTeam "Gera"]
[BlackTeam "Hamburger SK"]
[WhiteTeamCountry "GER"]
[BlackTeamCountry "GER"]

1. e4 c5 2. Nc3 d6 3. Nf3 a6 4. h3 Nf6 5. d4 cxd4 6. Nxd4 e5 7. Nb3 h5 8. Be3 Be7 9. Qf3 b5 10. 0-0-0 b4 11. Nd5 Nxd5 12. exd5 Nd7 13. Qg3 0-0 14. f4 a5 15. Kb1 a4 16. Nd2 Qc7 17. Bd3 a3 18. b3 Qc3 19. Nc4 exf4 20. Qxf4 Bf6 21. Kc1 Ba6 22. Rhf1 Bxc4 23. Qxc4 Qb2+ 24. Kd2 Ne5 25. Qe4 Nxd3 26. Qxd3 Rac8 27. Rf3 Rfe8 28. Rdf1 Rc3 29. Qf5 Re5 0-1

[Event "GER-chT U16"]
[Site "Kiel"]
[Date "2022.07.23"]
[Round "1.2"]
[White "Weihrauch, Jakob"]
[Black "Lutz, Ruben"]
[Result "0-1"]
[WhiteElo "2183"]
[BlackElo "2109"]
[PlyCount "112"]
[EventDate "2022.07.22"]
[EventType "team-swiss"]
[EventRounds "7"]
[EventCountry "GER"]
[SourceTitle "CBM 209 Extra"]
[Source "ChessBase"]
[SourceDate "2022.09.30"]
[SourceVersion "1"]
[SourceVersionDate "2022.09.30"]
[SourceQuality "1"]
[WhiteTeam "Hamburger SK"]
[BlackTeam "Dresden TU"]
[WhiteTeamCountry "GER"]
[BlackTeamCountry "GER"]

1. e4 c6 2. d4 d5 3. e5 c5 4. Nf3 Nc6 5. dxc5 e6 6. Be3 Qc7 7. c3 Nge7 8. Bb5 Bd7 9. Bd4 Ng6 10. Qe2 Be7 11. h4 f6 12. Bxc6 Qxc6 13. h5 Nxe5 14. Bxe5 fxe5 15. Nxe5 Qxc5 16. Nxd7 Kxd7 17. Nd2 Rae8 18. Nf3 Bd6 19. Rh4 Kc8 20. 0-0-0 Kb8 21. Kb1 Rhf8 22. Rg4 Re7 23. Nd4 e5 24. Nf3 Bc7 25. Qc2 e4 26. Nd4 Be5 27. Rg5 a6 28. Rf5 Rxf5 29. Nxf5 Rf7 30. Ne3 d4 31. cxd4 Qxc2+ 32. Nxc2 Bc7 33. Rd2 Bg3 34. Re2 Rxf2 35. Rxf2 Bxf2 36. Kc1 Kc7 37. Kd2 Kd6 38. Ke2 Bg1 39. Ne3 Ke6 40. g3 g6 41. h6 Kd6 42. Nc2 Kd5 43. Ne3+ Kxd4 44. Ng4 a5 45. a4 b6 46. Kd2 e3+ 47. Ke2 Bf2 48. Kf3 Kd3 49. Ne5+ Kc2 50. Nxg6 Bxg3 51. Kxe3 hxg6 52. Ke4 Bh4 53. Ke5 Kxb2 54. h7 Be1 55. Kd5 Bc3 56. Kc6 Kb3 0-1

[Event "GER-ch U18"]
[Site "Willingen"]
[Date "2022.06.11"]
[Round "9"]
[White "Weihrauch, Jakob"]
[Black "Hinrichs, Paul"]
[Result "1/2-1/2"]
[WhiteElo "2151"]
[BlackElo "2225"]
[PlyCount "154"]
[EventDate "2022.06.04"]
[EventType "swiss"]
[EventRounds "9"]
[EventCountry "GER"]
[SourceTitle "CBM 208 Extra"]
[Source "ChessBase"]
[SourceDate "2022.07.31"]
[SourceVersion "1"]
[SourceVersionDate "2022.07.31"]
[SourceQuality "1"]

1. e4 e5 2. Nf3 Nc6 3. Bb5 a6 4. Ba4 Nf6 5. 0-0 Be7 6. Re1 b5 7. Bb3 d6 8. c3 0-0 9. h3 Bb7 10. d4 Re8 11. Nbd2 Bf8 12. a4 h6 13. Bc2 exd4 14. cxd4 Nb4 15. Bb1 c5 16. d5 Nd7 17. Ra3 c4 18. Nd4 Qf6 19. N2f3 Nc5 20. b3 Nbd3 21. Bxd3 Nxd3 22. Re3 b4 23. Ra1 Nc5 24. bxc4 Rxe4 25. Rxe4 Nxe4 26. Qe1 Nc3 27. Bb2 Rc8 28. Bxc3 bxc3 29. Qb1 Ba8 30. Qd3 g6 31. Rc1 Qd8 32. Ne2 Qc7 33. Rxc3 Bg7 34. Rc1 Qa5 35. Qb3 Bf6 36. Rb1 Kg7 37. Kf1 Re8 38. Qc2 Qc7 39. Qb3 Re7 40. Qb4 Qc8 41. Rc1 Rc7 42. Nf4 Rc5 43. Nd3 a5 44. Qb3 Rc7 45. Qb5 Bb7 46. Kg1 Ba6 47. Qxa5 Rxc4 48. Rxc4 Qxc4 49. Nfe1 Bb7 50. Qb5 Bxd5 51. Qxc4 Bxc4 52. Nb4 Bc3 53. Ned3 Kf8 54. a5 Bxd3 55. Nxd3 Bxa5 56. Kf1 Ke7 57. Ke2 Ke6 58. Nf4+ Ke5 59. Nd3+ Kd4 60. Nf4 Bb4 61. Nd3 Bc5 62. Nf4 d5 63. Nd3 Bd6 64. Kd2 h5 65. Kc2 g5 66. Kd2 Bc7 67. Ke2 f5 68. Kd2 h4 69. f3 Bd6 70. Ke2 Bf4 71. Nf2 Ke5 72. Nd3+ Kf6 73. Nf2 Bd6 74. Nd3 Kg6 75. Kf2 Kh5 76. Ke2 g4 77. Ke3 gxh3 1/2-1/2

[Event "GER-ch U18"]
[Site "Willingen"]
[Date "2022.06.08"]
[Round "6"]
[White "Weihrauch, Jakob"]
[Black "Mueller, Magnus"]
[Result "1/2-1/2"]
[WhiteElo "2151"]
[BlackElo "2034"]
[PlyCount "67"]
[EventDate "2022.06.04"]
[EventType "swiss"]
[EventRounds "9"]
[EventCountry "GER"]
[SourceTitle "CBM 208 Extra"]
[Source "ChessBase"]
[SourceDate "2022.07.31"]
[SourceVersion "1"]
[SourceVersionDate "2022.07.31"]
[SourceQuality "1"]

1. e4 c6 2. d4 d5 3. e5 Bf5 4. h4 h5 5. Bd3 Bxd3 6. Qxd3 Qa5+ 7. Nd2 e6 8. Ngf3 Nh6 9. 0-0 Nf5 10. Nb3 Qb5 11. Qd1 c5 12. c3 Nc6 13. Bg5 c4 14. Qe2 Qb6 15. Nc1 Be7 16. g3 Rc8 17. b3 Ba3 18. bxc4 Bxc1 19. Rfxc1 Qa6 20. Rc2 Qxc4 21. Qxc4 dxc4 22. Nd2 Na5 23. Ne4 b6 24. Rd1 Nc6 25. f3 Rc7 26. Rh2 Rd7 27. Rdd2 Nfe7 28. Nd6+ Rxd6 29. exd6 Nd5 30. Rc2 Kd7 31. Bf4 Nxf4 32. gxf4 Kxd6 33. Rhg2 g6 34. f5 1/2-1/2

[Event "Hamburg-chT Landesliga 2122"]
[Site "Hamburg"]
[Date "2021.11.21"]
[Round "2.1"]
[White "Weihrauch, Jakob"]
[Black "Engel, Robert"]
[Result "0-1"]
[WhiteElo "2114"]
[BlackElo "2111"]
[PlyCount "80"]
[EventDate "2021.10.31"]
[EventType "team-tourn"]
[EventRounds "9"]
[EventCountry "GER"]
[SourceTitle "EXT 2023"]
[Source "ChessBase"]
[SourceDate "2022.10.05"]
[SourceVersion "1"]
[SourceVersionDate "2022.10.05"]
[SourceQuality "1"]
[WhiteTeam "Hamburger SK IV"]
[BlackTeam "Hamburger SK VI"]
[WhiteTeamCountry "GER"]
[BlackTeamCountry "GER"]

1. e4 c5 2. Nf3 d6 3. d4 cxd4 4. Nxd4 Nf6 5. Nc3 Nc6 6. Bg5 e6 7. Qd3 Bd7 8. f4 a6 9. 0-0-0 Be7 10. Nf3 Qc7 11. e5 dxe5 12. Nxe5 Rd8 13. Qg3 h6 14. Bxf6 gxf6 15. Qg7 Rf8 16. Nd3 Nd4 17. Qxh6 Ba3 18. Kb1 Bxb2 19. Nxb2 Qxc3 20. Bd3 Ke7 21. Qh4 Bc6 22. Qf2 Bd5 23. Qd2 Nb5 24. Ka1 Qa3 25. c4 Nc3 26. Qxc3 Qxc3 27. cxd5 Rxd5 28. Rc1 Rxd3 29. Rxc3 Rxc3 30. Na4 Rc2 31. g3 Rh8 32. h4 b5 33. Nb2 Rg2 34. Rc1 Rxg3 35. a4 Rxh4 36. Rc7+ Kd6 37. Rxf7 Rxf4 38. Ra7 Ra3+ 39. Kb1 Rf1+ 40. Kc2 Rf2+ 0-1

[Event "Hamburg-chT Landesliga 2122"]
[Site "Hamburg"]
[Date "2021.10.31"]
[Round "1.1"]
[White "Schellhorn, Wolfgang"]
[Black "Weihrauch, Jakob"]
[Result "1-0"]
[WhiteElo "2116"]
[BlackElo "2114"]
[PlyCount "106"]
[EventDate "2021.10.31"]
[EventType "team-tourn"]
[EventRounds "9"]
[EventCountry "GER"]
[SourceTitle "EXT 2023"]
[Source "ChessBase"]
[SourceDate "2022.10.05"]
[SourceVersion "1"]
[SourceVersionDate "2022.10.05"]
[SourceQuality "1"]
[WhiteTeam "Hamburger SK V"]
[BlackTeam "Hamburger SK IV"]
[WhiteTeamCountry "GER"]
[BlackTeamCountry "GER"]

1. e4 c5 2. Nf3 d6 3. d4 cxd4 4. Nxd4 Nf6 5. Nc3 a6 6. f4 e5 7. Nf3 Qc7 8. a4 Nbd7 9. Bd3 Be7 10. 0-0 0-0 11. Kh1 Nc5 12. Qe1 Re8 13. b4 Nxd3 14. cxd3 d5 15. fxe5 Bxb4 16. Bd2 d4 17. Nb5 axb5 18. Bxb4 Ng4 19. Bd6 Qb6 20. Qb4 Qa5 21. Qxd4 bxa4 22. Ba3 Nh6 23. Qb4 Qxb4 24. Bxb4 f5 25. exf6 gxf6 26. Nd4 Ra6 27. Nb5 Rd8 28. Rac1 Bd7 29. Nc7 Rc6 30. Nd5 Rxc1 31. Rxc1 Bc6 32. Nxf6+ Kf7 33. Rf1 Kg6 34. Rf3 Nf7 35. Be7 Ra8 36. Rg3+ Ng5 37. Nd5 Bxd5 38. exd5 h6 39. h4 Kf7 40. Ba3 Nh7 41. Rf3+ Nf6 42. g4 Kg6 43. h5+ Kf7 44. Rf5 Ra6 45. Kg2 Rb6 46. d6 Rb3 47. d7 Rxd3 48. Bb2 Ke7 49. Bxf6+ Kxd7 50. Bg7 a3 51. Ra5 Rd2+ 52. Kf3 a2 53. Bxh6 b5 1-0

[Event "GER-chT Lands U20"]
[Site "Neumuenster"]
[Date "2021.10.04"]
[Round "4.4"]
[White "Dauner, Benedikt"]
[Black "Weihrauch, Jakob"]
[Result "1-0"]
[WhiteElo "2133"]
[BlackElo "2114"]
[PlyCount "125"]
[EventDate "2021.10.01"]
[EventType "team-swiss"]
[EventRounds "7"]
[EventCountry "GER"]
[SourceTitle "CBM 204 Extra"]
[Source "ChessBase"]
[SourceDate "2021.11.30"]
[SourceVersion "1"]
[SourceVersionDate "2021.11.30"]
[SourceQuality "1"]
[WhiteTeam "Baden"]
[BlackTeam "Hamburg"]
[WhiteTeamCountry "GER"]
[BlackTeamCountry "GER"]

1. d4 Nf6 2. Nf3 g6 3. Nc3 d5 4. Bf4 Bg7 5. e3 0-0 6. Be2 c5 7. dxc5 Qa5 8. Nd2 Qxc5 9. Nb3 Qb6 10. Nb5 Na6 11. Be5 Bd7 12. a4 Qd8 13. c3 Bc6 14. 0-0 Ne8 15. Bxg7 Nxg7 16. Qc2 e6 17. Rfd1 Qe7 18. N5d4 Nb8 19. a5 a6 20. Bf3 Nf5 21. e4 Nh4 22. e5 Nd7 23. Qe2 f6 24. exf6 Nxf3+ 25. Nxf3 Qxf6 26. Nbd2 e5 27. Nf1 d4 28. N1d2 Bb5 29. Qe4 Bc6 30. Qe2 Bb5 31. c4 Bc6 32. b4 Rae8 33. Ne4 Bxe4 34. Qxe4 Qc6 35. Qe2 Re6 36. b5 Qd6 37. Ng5 Ree8 38. Ne4 Qc7 39. bxa6 bxa6 40. c5 Qc6 41. Rab1 Kg7 42. f3 Rb8 43. Qc4 Rfc8 44. Ng5 Qf6 45. Ne6+ Kh8 46. c6 Rxb1 47. Rxb1 Nf8 48. Nxf8 Qxf8 49. Qxa6 d3 50. Qxd3 Qc5+ 51. Kh1 Qxc6 52. h3 Ra8 53. Ra1 Qc5 54. a6 Qc6 55. Qe2 Qc3 56. Qa2 Kg7 57. Qa3 Qc6 58. Qe7+ Kh6 59. a7 Qc3 60. Rd1 Qc4 61. Qxe5 Qa4 62. Rd4 Qa1+ 63. Kh2 1-0

[Event "GER-chT Lands U20"]
[Site "Neumuenster"]
[Date "2021.10.02"]
[Round "2.6"]
[White "Grossmann, Piet"]
[Black "Weihrauch, Jakob"]
[Result "0-1"]
[WhiteElo "1953"]
[BlackElo "2114"]
[PlyCount "128"]
[EventDate "2021.10.01"]
[EventType "team-swiss"]
[EventRounds "7"]
[EventCountry "GER"]
[SourceTitle "CBM 204 Extra"]
[Source "ChessBase"]
[SourceDate "2021.11.30"]
[SourceVersion "1"]
[SourceVersionDate "2021.11.30"]
[SourceQuality "1"]
[WhiteTeam "Mecklenburg Vorpommern"]
[BlackTeam "Hamburg"]
[WhiteTeamCountry "GER"]
[BlackTeamCountry "GER"]

1. e4 e5 2. Nf3 Nc6 3. d4 exd4 4. Nxd4 Qf6 5. Be3 Bc5 6. c3 Nge7 7. Bc4 Ne5 8. Be2 Qg6 9. 0-0 d6 10. f3 0-0 11. Kh1 Kh8 12. Nd2 f5 13. b4 Bb6 14. exf5 Nxf5 15. Nxf5 Bxf5 16. Bxb6 axb6 17. Nc4 Nxc4 18. Bxc4 c6 19. Re1 d5 20. Bf1 Qd6 21. Bd3 Bd7 22. Qd2 Rf6 23. Re2 Rh6 24. f4 Rf6 25. Rf1 Raf8 26. Ref2 c5 27. a3 Ra8 28. Ra1 d4 29. Bc2 dxc3 30. Qxc3 cxb4 31. axb4 Rxa1+ 32. Qxa1 Qxb4 33. Bd3 Bc6 34. h3 Qd6 35. Bc2 b5 36. Rf1 Rf8 37. Rf2 Qc5 38. Rd2 Qe3 39. Qd4 Qxh3+ 40. Kg1 Qe6 41. Rd3 Qe1+ 42. Kh2 Qh4+ 43. Kg1 Qg4 44. Rd2 Re8 45. Bd3 Qg3 46. Bf1 Qe3+ 47. Qxe3 Rxe3 48. Rd8+ Re8 49. Rxe8+ Bxe8 50. Kf2 Kg8 51. Ke3 b4 52. Kd4 Bf7 53. Bd3 b3 54. Kc5 Kf8 55. g3 Bh5 56. Kd4 Bd1 57. Kc3 Bc2 58. Be2 Ke7 59. Bg4 Kd6 60. Bf3 b5 61. Be2 Kc5 62. Bg4 b4+ 63. Kb2 Kd4 64. Be6 Ke3 0-1

[Event "GER-ch U16"]
[Site "Willingen"]
[Date "2021.08.27"]
[Round "7"]
[White "Laux, Dominik"]
[Black "Weihrauch, Jakob"]
[Result "1-0"]
[WhiteElo "2085"]
[BlackElo "2137"]
[PlyCount "81"]
[EventDate "2021.08.22"]
[EventType "swiss"]
[EventRounds "9"]
[EventCountry "GER"]
[SourceTitle "EXT 2022"]
[Source "ChessBase"]
[SourceDate "2021.10.06"]
[SourceVersion "1"]
[SourceVersionDate "2021.10.06"]
[SourceQuality "1"]

1. e4 c5 2. Nc3 d6 3. d4 cxd4 4. Qxd4 Nc6 5. Qd2 g6 6. b3 Bh6 7. f4 Nf6 8. Bb2 0-0 9. 0-0-0 e5 10. g3 Re8 11. Kb1 Nd4 12. Qf2 Bg7 13. Bg2 Bd7 14. Nf3 Qc7 15. Nxd4 exd4 16. Qxd4 Bc6 17. Rhe1 Qa5 18. Qd2 Kh8 19. h3 Rad8 20. Re3 b5 21. a3 Qb6 22. Rd3 Nxe4 23. Nxe4 Bxe4 24. Bxe4 Rxe4 25. Rxd6 Rxd6 26. Qxd6 Qxd6 27. Rxd6 Re1+ 28. Ka2 Bxb2 29. Kxb2 Re3 30. c4 bxc4 31. bxc4 Rxg3 32. c5 Rg2+ 33. Kc3 Rg3+ 34. Rd3 Rg1 35. Kd4 Kg7 36. c6 Rc1 37. Rc3 Rd1+ 38. Kc5 Rd8 39. c7 Rc8 40. Kd6 Kf6 41. Rc5 1-0